Bezpečnosť a ochrana údajov z pohľadu cloud computingu

Problematika bezpečnosti a ochrany dát nielen z hľadiska informatickej vedy. Súvislosťami s medzinárodnými normami a štandardmi. Špecifikácia niektorých kľúčových definícií, ako sú bezpečnosť dát, hardvérová a softvérová bezpečnosť, atď.. Niektoré bezpečnostné riziká ako problém v prijatí cloudových...

Description complète

Enregistré dans:
Détails bibliographiques
Auteur principal: Schmidt, Peter, 1968-
Format: Chapitre de livre
Langue:slovaque
Sujets:
Tags: Ajouter un tag
Pas de tags, Soyez le premier à ajouter un tag!

MARC

LEADER 00000nla a2200000 4500
001 0224706
005 20240502073659.7
041 0 |a slo 
044 |a SK 
245 1 0 |a Bezpečnosť a ochrana údajov z pohľadu cloud computingu  |c Peter Schmidt 
520 |a Problematika bezpečnosti a ochrany dát nielen z hľadiska informatickej vedy. Súvislosťami s medzinárodnými normami a štandardmi. Špecifikácia niektorých kľúčových definícií, ako sú bezpečnosť dát, hardvérová a softvérová bezpečnosť, atď.. Niektoré bezpečnostné riziká ako problém v prijatí cloudových technológií. Úspech novej technológie je v nemalej miere závislý od jej akceptácie budúcimi používateľmi. Preto je dôležité akceptovať názory budúcich používateľov v otázke bezpečnosti cloudových riešení. Potenciálne hrozby pre bezpečnosť a aktuálne varianty bezpečnostných rizík. 
610 2 0 |a ochrana dát 
610 2 0 |a ochrana informácií 
610 2 0 |a riziko bezpečnostné 
610 2 0 |a systémy informačné 
610 2 0 |a cloud computing 
100 1 |a Schmidt, Peter, 1968-